00625 2200241 4500001002100000005001500021035002000036007000300056008004100059020002200100082001000122084001600132100002000148245007000168250001000238260003400248300003100282650002100313700001600334990001100350990001100361990001100372INLIS00000000000382220190725115212 a0010-0719000240ta190725 g 0 ind  a978-602-9186-07-9 a745.5 a745.5 YOH r0 aYOHANA, Mariana1 aReplika Makanan dari Benang /cYohana Mariana; editor, Mahar Dina acet.1 aSurabaya :bTiara Aksa,c2011 a79 hlm. :bilus. ;c21 cm. 4aKERAJINAN TANGAN0 aMAHAR, Dina a5844 a a5844 b a5844 c